000 00298nam a22001337a 4500
008 170706b xxu||||| |||| 00| 0 eng d
020 _a9780486292823
041 _aeng
080 _a821.18
100 _a22
101 _aGJL
245 _aENGLISH ROMANTIC POETRY
_cAPPELBAUM, S
942 _2udc
_cBK
999 _c19954
_d19954